Cataluña pionera y realidad de la moda española / por Tomás Hernández
Publicado:
San Jorge, núm. 100 (abril 1977), pàg 54 - 58 :
MARC
| LEADER | 00000nam a2200000Ia 4500 | ||
|---|---|---|---|
| 001 | |||
| 008 | 160829s9999 xx 000 0 cat d | ||
| 100 | 1 | |a Hernández, Tomás, |d 1919-2013 |9 20277 | |
| 245 | |a Cataluña pionera y realidad de la moda española / por Tomás Hernández | ||
| 260 | |a San Jorge, núm. 100 (abril 1977), pàg 54 - 58 | ||
| 650 | |a Moda |x Catalunya |9 45552 | ||
| 650 | |a Indústria de la confecció |9 45553 | ||
| 650 | |a Anta, Segismundo de |x Intervius |9 45554 | ||
| 901 | |a Arxiu | ||
| 942 | |n 1 | ||
| 952 | |0 0 |1 0 |4 0 |7 1 |9 52667 |a Arxiu |b Arxiu |d 2016-12-01 |l 0 |r 2016-12-01 00:00:00 |w 2016-12-01 |y ARXIU | ||
| 999 | |c 56516 |d 56516 | ||